<?xml version="1.0" encoding="UTF-8"?>
<collection xmlns="http://www.loc.gov/MARC21/slim">
 <record>
  <leader>03595nam a2200313 a 4500</leader>
  <controlfield tag="001">1/45327</controlfield>
  <controlfield tag="008">140825s2002    us            001 0 eng  </controlfield>
  <datafield tag="020" ind1=" " ind2=" ">
   <subfield code="a">9781558606852</subfield>
  </datafield>
  <datafield tag="020" ind1=" " ind2=" ">
   <subfield code="a">1558606858</subfield>
  </datafield>
  <datafield tag="035" ind1=" " ind2=" ">
   <subfield code="l">48287</subfield>
  </datafield>
  <datafield tag="040" ind1=" " ind2=" ">
   <subfield code="a">OPELS</subfield>
   <subfield code="b">eng</subfield>
   <subfield code="c">OPELS</subfield>
   <subfield code="d">OCLCQ</subfield>
   <subfield code="d">OCLCF</subfield>
   <subfield code="d">GR-PeUP</subfield>
  </datafield>
  <datafield tag="100" ind1="1" ind2=" ">
   <subfield code="a">Calvert, Kenneth L.</subfield>
  </datafield>
  <datafield tag="245" ind1="1" ind2="0">
   <subfield code="a">TCP/IP sockets in Java</subfield>
   <subfield code="h">[electronic resource] :</subfield>
   <subfield code="b">practical guide for programmers /</subfield>
   <subfield code="c">Kenneth L. Calvert, Michael J. Donahoo.</subfield>
  </datafield>
  <datafield tag="260" ind1=" " ind2=" ">
   <subfield code="a">San Francisco :</subfield>
   <subfield code="b">Morgan Kaufmann Publishers,</subfield>
   <subfield code="c">c2002.</subfield>
  </datafield>
  <datafield tag="300" ind1=" " ind2=" ">
   <subfield code="a">1 online resource (xii, 116 p.) :</subfield>
   <subfield code="b">ill.</subfield>
  </datafield>
  <datafield tag="490" ind1="1" ind2=" ">
   <subfield code="a">Morgan Kaufmann practical guides series</subfield>
  </datafield>
  <datafield tag="520" ind1=" " ind2=" ">
   <subfield code="a">Most Internet applications use sockets to implement network communication protocols. TCP/IP Sockets in Java: Practical Guide for Programmers, with its focused, tutorial-based coverage, helps you master the tasks and techniques essential to virtually all client-server projects using sockets in Java. Later chapters teach you to implement more specialized functionality; incisive discussions of programming constructs and protocol implementations equip you with a deeper understanding that is invaluable for meeting future challenges. No other resource presents so concisely or so effectively the exact material you need to get up and running with Java sockets programming right away. For those who program using the C language, be sure to check out this book's companion, TCP/IP Sockets in C: Practical Guide for Programmers. For example code from the text, sample programming exercises, Powerpoint slides, and more, click on the grey &quot;Companion Site&quot; button to the right. *Concise, no-nonsense explanations of issues often troublesome for students, including message construction and parsing, underlying mechanisms and Java I/O *Comprehensive example-based coverage of the most important TCP/IP techniques-including iterative and threaded servers, timeouts and asynchronous message processing *Includes a detailed, easy-to-use reference to the relevant JAVA class libraries *A companion Web site provides online code for all the example programs given in the book *Provides a guide to common errors and a reference offering detailed documentation of the sockets interface *Perfect for a practitioner who may even want just to &quot;look into&quot; this technology. *Provides tutorial-based instuction in key sockets programming techniques, focusing exclusively on Jva and complemented by example code. *Covers challenging sockets programming issues: message construction and parsing, underlying TCP/IP protocol mechanisms, Java I/O, iterate and threaded servers, and timeouts. *Includes references to the relevant Java class libraries that often go beyond the &quot;official&quot; Java documentation in clarity and explanation. *Provides code for all example programs, along with additional exercises, via companion Web site.</subfield>
  </datafield>
  <datafield tag="505" ind1="0" ind2=" ">
   <subfield code="a">Chapter 1 Introduction -- Chapter 2 Basic Sockets -- Chapter 3 Sending and Receiving Messages -- Chapter 4 Beyond the Basics -- Chapter 5 Under The Hood.</subfield>
  </datafield>
  <datafield tag="504" ind1=" " ind2=" ">
   <subfield code="a">Includes bibliographical references and index.</subfield>
  </datafield>
  <datafield tag="650" ind1=" " ind2="4">
   <subfield code="a">Internet programming.</subfield>
  </datafield>
  <datafield tag="650" ind1=" " ind2="4">
   <subfield code="a">TCP/IP (Computer network protocol)</subfield>
  </datafield>
  <datafield tag="650" ind1=" " ind2="4">
   <subfield code="a">Java (Computer program language).</subfield>
  </datafield>
  <datafield tag="655" ind1=" " ind2="4">
   <subfield code="a">Electronic books.</subfield>
  </datafield>
  <datafield tag="700" ind1="1" ind2=" ">
   <subfield code="a">Donahoo, Michael J.</subfield>
  </datafield>
  <datafield tag="830" ind1=" " ind2="0">
   <subfield code="a">Morgan Kaufmann practical guides series.</subfield>
  </datafield>
  <datafield tag="852" ind1=" " ind2=" ">
   <subfield code="a">INST</subfield>
   <subfield code="b">UNIPILB</subfield>
   <subfield code="c">EBOOKS</subfield>
   <subfield code="e">20140825</subfield>
   <subfield code="p">00b48287</subfield>
   <subfield code="q">00b48287</subfield>
   <subfield code="t">ONLINE</subfield>
   <subfield code="y">0</subfield>
  </datafield>
  <datafield tag="856" ind1="4" ind2="0">
   <subfield code="3">ScienceDirect</subfield>
   <subfield code="u">http://www.sciencedirect.com/science/book/9781558606852</subfield>
  </datafield>
  <datafield tag="856" ind1="4" ind2=" ">
   <subfield code="d">/webopac/covers/03/48287_9781558606852.jpg</subfield>
  </datafield>
  <datafield tag="856" ind1="4" ind2=" ">
   <subfield code="d">/webopac/covers/03/48287_1558606858.jpg</subfield>
  </datafield>
 </record>
</collection>
